Science Quiz

Random Science or Animal Quiz
Score 0/30 Timer 10:00
0 Plays Today
% Correct
Yes, it is a Great White Shark
96.2%
Yes, it is a Snow Leopard
95.4%
Yes, it is a Komodo Dragon
94.2%
No, it's a Thomson's Gazelle
91.6%
No, it's an Emperor Scorpion
91.3%
No, it's a Marine Iguana
90.8%
No, it's a Human Being
89.7%
No, it's a Chimpanzee
89.7%
Yes, it is a Brown Hyena
86.9%
Yes, it is a Red-bellied Piranha
86.8%
Yes, it is a Giant Clam
86.2%
No, it's a Eurasian Black Vulture
85.7%
No, it's a Dwarf Mongoose
82.5%
Yes, it is a Eurasian Golden Oriole
81.3%
Yes, it is an Axolotl
80%
% Correct
Yes, it is a Chambered Nautilus
79.2%
Yes, it is an Aye-Aye
78.5%
Yes, it is a Greater Roadrunner
76.3%
Yes, it is a Black-winged Stilt
76.1%
No, it's a Common Octopus
72.2%
Yes, it is a Golden Toad
70.7%
No, it's a Common Genet
64.5%
Yes, it is a Smew
55.2%
No, these are Termites
53.1%
Yes, it is an Indian Flying Fox
50.8%
No, it's a Honey Badger
50.3%
No, it's a Parakeet Auklet
46%
No, it's a Slowworm
45.7%
No, it's a Marabou Stork
38.5%
No, it's an American Robin
31.5%
Remove Ads.
Support Sporcle.
Get the best of Sporcle when you Go Orange. This ad-free experience offers more features, more stats, and more fun while also helping to support Sporcle. Thank you for becoming a member.

You're not logged in!

Compare scores with friends on all Sporcle quizzes.
OR
Log In

Show Comments

Extras

Top Quizzes Today


Score Distribution

Your Account Isn't Verified!

In order to create a playlist on Sporcle, you need to verify the email address you used during registration. Go to your Sporcle Settings to finish the process.

Report this User

Report this user for behavior that violates our Community Guidelines.

Details: